| Поле | Инд. | ПП | Название | Значение |
|---|---|---|---|---|
| Тип записи | a | |||
| Библиографический уровень | m | |||
| 001 | Контрольный номер | dbf97145-6d39-4fc8-b5d2-7efb15774176 | ||
| 005 | Дата корректировки | 20140703124958.9 | ||
| 008 | Кодируемые данные | 040531 | ||
| 020 | a | ISBN | 5-900045-23-4 | |
| 040 | a | Служба первич. каталог. | НБ ТвГУ | |
| 041 | a | Код языка текста | rus | |
| 080 | a | Индекс УДК | 070(075.8) | |
| 084 | a | Индекс другой классификации/Индекс ББК | Ч612.18я73-1 | |
| a | Индекс другой классификации/Индекс ББК | Ч612я73-1 | ||
| 090 | x | Авторский знак | Г75 | |
| a | Полочн. индекс | Ч612.1 | ||
| 100 | 1_ | a | Автор | Грабельников Александр Анатольевич |
| 245 | 10 | a | Заглавие | Работа журналиста в прессе |
| b | Продолж. заглавия | Учеб. пособие | ||
| c | Ответственность | А. А. Грабельников | ||
| 260 | 0_ | a | Место издания | Москва |
| b | Издательство | РИП-холдинг | ||
| c | Дата издания | 2003 | ||
| 300 | a | Объем | 273 с. | |
| 440 | a | Серия | Практическая журналистика | |
| 504 | a | Библиография | Библиогр. в конце глав. | |
| 650 | a | Основная рубрика | Журналистика | |
| x | Основная подрубрика | Учебники для вузов | ||
| 650 | a | Основная рубрика | Средства массовой информации | |
| x | Основная подрубрика | Газеты | ||
| 653 | a | Ключевые слова | Журналистика | |
| a | Ключевые слова | Журналисты | ||
| a | Ключевые слова | Работа журналиста | ||
| a | Ключевые слова | Профессия журналиста | ||
| a | Ключевые слова | Средства массовой информации | ||
| a | Ключевые слова | Пресса | ||
| a | Ключевые слова | Редакция | ||
| a | Ключевые слова | Работа редакции | ||
| a | Ключевые слова | Газеты | ||
| a | Ключевые слова | Газетные жанры | ||
| a | Ключевые слова | Редакционный процесс | ||
| a | Ключевые слова | СМИ | ||
| 930 | a | Новая/Ретро | учебники | |
| 952 | c | Вид литературы | К ру | |
| 954 | a | Дата поступления на обработку | 20040531 | |
| 999 | a | Подразделение 2 | Каб.УиС |